<?xml version="1.0" encoding="UTF-8"?>
<record
    xmlns:xsi="http://www.w3.org/2001/XMLSchema-instance"
    xsi:schemaLocation="http://www.loc.gov/MARC21/slim http://www.loc.gov/standards/marcxml/schema/MARC21slim.xsd"
    xmlns="http://www.loc.gov/MARC21/slim">

  <leader>01262nam a2200301   4500</leader>
  <controlfield tag="003">OSt</controlfield>
  <controlfield tag="005">20260530115314.0</controlfield>
  <controlfield tag="008">260420b1983    mx a|||| |||| 00| 0 spa d</controlfield>
  <datafield tag="040" ind1=" " ind2=" ">
    <subfield code="a">ICI</subfield>
    <subfield code="b">spa</subfield>
    <subfield code="c">ICI</subfield>
  </datafield>
  <datafield tag="050" ind1="0" ind2=" ">
    <subfield code="a">HE5636.M4</subfield>
    <subfield code="b">G87</subfield>
  </datafield>
  <datafield tag="100" ind1="1" ind2=" ">
    <subfield code="a">Guiterrez de Macgregor, Teresa, </subfield>
    <subfield code="e">autor</subfield>
    <subfield code="9">33268</subfield>
  </datafield>
  <datafield tag="245" ind1="1" ind2="0">
    <subfield code="a">Algunos problemas del trasporte en la ciudad de mexico :</subfield>
    <subfield code="b">Anilisis del servicio de autobuses urbanos /</subfield>
    <subfield code="c">por Ma. Teresa Gutierrez de MacGregor, Lourdes Godines e Ignacio Kunz</subfield>
  </datafield>
  <datafield tag="264" ind1="1" ind2=" ">
    <subfield code="a">M&#xE9;xico :</subfield>
    <subfield code="b"> UNAM, Instituto de Geografia,</subfield>
    <subfield code="c">1983</subfield>
  </datafield>
  <datafield tag="300" ind1=" " ind2=" ">
    <subfield code="a">87 p&#xE1;ginas</subfield>
  </datafield>
  <datafield tag="336" ind1=" " ind2=" ">
    <subfield code="2">rdacontent</subfield>
    <subfield code="a">texto</subfield>
  </datafield>
  <datafield tag="337" ind1=" " ind2=" ">
    <subfield code="2">rdamedia</subfield>
    <subfield code="a">sin medio</subfield>
  </datafield>
  <datafield tag="338" ind1=" " ind2=" ">
    <subfield code="2">rdacarrier</subfield>
    <subfield code="a">volumen</subfield>
  </datafield>
  <datafield tag="490" ind1="0" ind2=" ">
    <subfield code="a">Serie varia / Instituto de Geografia.</subfield>
  </datafield>
  <datafield tag="650" ind1="4" ind2=" ">
    <subfield code="a">Transporte y estado</subfield>
    <subfield code="z">Ciudad de Mexico</subfield>
    <subfield code="9">33269</subfield>
  </datafield>
  <datafield tag="650" ind1="4" ind2=" ">
    <subfield code="a">Transporte</subfield>
    <subfield code="z">Ciudad de Mexico</subfield>
    <subfield code="9">33270</subfield>
  </datafield>
  <datafield tag="650" ind1="4" ind2=" ">
    <subfield code="a">Transporte y estado </subfield>
    <subfield code="z">Ciudad de Mexico</subfield>
    <subfield code="9">33269</subfield>
  </datafield>
  <datafield tag="650" ind1="4" ind2=" ">
    <subfield code="a">L&#xED;neas de autobuses</subfield>
    <subfield code="x">Gobierno </subfield>
    <subfield code="x">Propiedades</subfield>
    <subfield code="z">M&#xE9;xico</subfield>
    <subfield code="9">33271</subfield>
  </datafield>
  <datafield tag="651" ind1="4" ind2=" ">
    <subfield code="a">Ciudad de M&#xE9;xico</subfield>
    <subfield code="x">Transito local</subfield>
    <subfield code="9">33272</subfield>
  </datafield>
  <datafield tag="700" ind1="1" ind2=" ">
    <subfield code="a"> Kunz, Ignacio </subfield>
    <subfield code="e">autor</subfield>
    <subfield code="9">33273</subfield>
  </datafield>
  <datafield tag="700" ind1="1" ind2=" ">
    <subfield code="a">God&#xED;nez Calder&#xF3;n, Mar&#xED;a de Lourdes, </subfield>
    <subfield code="e">autor</subfield>
    <subfield code="9">33274</subfield>
  </datafield>
  <datafield tag="710" ind1="2" ind2=" ">
    <subfield code="a">Universidad Nacional Aut&#xF3;noma de M&#xE9;xico.</subfield>
    <subfield code="b">Instituto de Geograf&#xED;a</subfield>
    <subfield code="9">33275</subfield>
  </datafield>
  <datafield tag="942" ind1=" " ind2=" ">
    <subfield code="2">lcc</subfield>
    <subfield code="n">0</subfield>
    <subfield code="c">BK</subfield>
  </datafield>
  <datafield tag="999" ind1=" " ind2=" ">
    <subfield code="c">13495</subfield>
    <subfield code="d">13495</subfield>
  </datafield>
</record>
